|
|
|
|
| LEADER |
00681nam a2200241Ia 4500 |
| 008 |
240830s9999 xx 000 0 und d |
| 020 |
|
|
|a 978-970-10-6912-7
|
| 040 |
|
|
|a B-ESTELÍ- RUACS / 519.86 G984
|
| 041 |
|
|
|a spa
|
| 082 |
|
|
|a 519.86 G984
|
| 100 |
1 |
|
|a Gutiérrez Pulido, Humberto
|
| 100 |
1 |
|
|b Vara Salazar, Román de la
|
| 245 |
1 |
0 |
|a Control Estadístico de calidad seis sigma
|
| 250 |
|
|
|a 2a.ed
|
| 260 |
|
|
|a México
|b McGraw-Hill
|c 2009
|
| 300 |
|
|
|a 636 p. :il
|
| 650 |
7 |
|
|a CONTROL DE CALIDAD - ESTADISTICA
|
| 650 |
7 |
|
|b INFERENCIA ESTADISTICA
|
| 650 |
7 |
|
|c PROBABILIDAD
|
| 650 |
7 |
|
|d MUESTREO DE ACEPTACION.
|
| 942 |
|
|
|c BK
|2 ddc
|
| 991 |
|
|
|a TEXTO
|
| 999 |
|
|
|c 10983
|